Statistics for 5 Largest Cities in Nepal

Click here to take the quiz!

General Stats

  • This quiz has been taken 16 times
  • The average score is 2 of 5

Answer Stats

% Correct
Kathmandu
100%
Pokhara
50%
Lalitpur
25%
Biratnagar
25%
Birgunj
13%

Score Distribution

Percentile by Number Answered

Percent of People with Each Score

Your Score History

You have not taken this quiz